000 00848nam a22002537a 4500
003 UA-OsUOA
001 21773
007 ta
008 20031213b un ||||| |||| 00| 0 ukr d
100 _aБєгун А. В.
090 _a004.42
_bБ37
942 _cBK
040 _aUA-OsUOA
_bukr
_cUA-OsUOA
_dUA-OsUOA
245 _aТехнологія програмування: об'єктно-орієнтований підхід
_bнавчально-методичний посібник для самостійного вивчення дисципліни
_cА. В. Бєгун
300 _a200 с.
955 _a2
041 _aukr
080 _a004.42
020 _a966-574-138-1
260 _aК.
_bКНЕУ
_c2000
044 _aUA
650 7 _a00 Загальні питання науки і культури
_2UDC
999 _c307980
_d307980